[Event "PNWCC Masters WOO"]
[Site "chess.com INT"]
[Date "2020.07.06"]
[Round "7.36"]
[White "Preotu, Razvan"]
[Black "Wang, Ze"]
[Result "1-0"]
[WhiteElo "2487"]
[BlackElo "1869"]
[WhiteFideId "-1"]
[WhiteFideId "-1"]
[PlyCount "135"]
[GameId "2130307595319348"]
[EventDate "2020.07.04"]
[EventType "swiss"]
[EventRounds "9"]
[EventCountry "NET"]
[SourceTitle "The Week in Chess 1340"]
[Source "Mark Crowther"]
[SourceDate "2020.07.13"]
[SourceVersion "1"]
[SourceVersionDate "2020.07.13"]
[SourceQuality "2"]

1. e4 e5 2. Nf3 Nf6 3. Nxe5 d6 4. Nf3 Nxe4 5. Nc3 Nxc3 6. dxc3 Be7 7. Be3 Nc6 8. Qd2 Be6 9. O-O-O Qd7 10. Kb1 Bf6 11. Be2 O-O-O 12. Nd4 Bxd4 13. cxd4 d5 14. Rhe1 Rhe8 15. Bf1 f6 16. f3 Bf7 17. Bf2 Bg6 18. a3 a6 19. Qc3 Rxe1 20. Rxe1 Re8 21. Rxe8+ Qxe8 22. Qe3 Qxe3 23. Bxe3 Kd7 24. b3 Ne7 25. Kb2 b5 26. c4 c6 27. Bf2 Nc8 28. cxb5 cxb5 29. a4 Kc6 30. axb5+ axb5 31. Kc3 Kb6 32. Bg3 Be8 33. Bf4 Bd7 34. Bc1 Ne7 35. Ba3 Nc6 36. Bf8 g6 37. b4 Na7 38. Be7 f5 39. Kd2 Kc7 40. Ke3 Nc8 41. Bc5 Nd6 42. Kf4 Nf7 43. h4 h5 44. Bd3 Kd8 45. g4 fxg4 46. Bxg6 gxf3 47. Kxf3 Bg4+ 48. Kf4 Ke8 49. Bd3 Bd7 50. Be2 Nh8 51. Bxh5+ Nf7 52. Bg6 Be6 53. h5 Kd7 54. Bf8 Nh8 55. Bd3 Nf7 56. Bxb5+ Kc7 57. h6 Nh8 58. Kg5 Bf7 59. Kf6 Bh5 60. h7 Ng6 61. Bg7 Kb6 62. Be8 Nf8 63. Bxf8 Bxe8 64. h8=Q Kb5 65. Bc5 Kc4 66. Qxe8 Kd3 67. b5 Kc2 68. b6 1-0

[Event "PNWCC Masters WOO"]
[Site "chess.com INT"]
[Date "2020.07.06"]
[Round "8.26"]
[White "McConnell, Sullivan"]
[Black "Preotu, Razvan"]
[Result "1/2-1/2"]
[WhiteElo "1895"]
[BlackElo "2487"]
[WhiteFideId "-1"]
[WhiteFideId "-1"]
[PlyCount "49"]
[GameId "2130307595327578"]
[EventDate "2020.07.04"]
[EventType "swiss"]
[EventRounds "9"]
[EventCountry "NET"]
[SourceTitle "The Week in Chess 1340"]
[Source "Mark Crowther"]
[SourceDate "2020.07.13"]
[SourceVersion "1"]
[SourceVersionDate "2020.07.13"]
[SourceQuality "2"]

1. e4 c5 2. Nc3 d6 3. f4 Nc6 4. Nf3 g6 5. Bb5 Bd7 6. O-O Bg7 7. d3 Nf6 8. Qe1 O-O 9. Bxc6 Bxc6 10. Qh4 Qd7 11. h3 d5 12. f5 gxf5 13. Ne5 Qe6 14. Nxc6 bxc6 15. exf5 Qe5 16. Kh1 d4 17. Ne4 Nxe4 18. dxe4 Kh8 19. Bg5 Bf6 20. Rae1 Rg8 21. Bxf6+ exf6 22. Rf3 Rab8 23. Ra3 Rxb2 24. Rxa7 Rf8 25. Qh5 1/2-1/2

[Event "PNWCC Masters WOO"]
[Site "chess.com INT"]
[Date "2020.07.06"]
[Round "9.23"]
[White "Preotu, Razvan"]
[Black "Wang, Alex Yuxuan"]
[Result "1-0"]
[WhiteElo "2487"]
[BlackElo "1983"]
[WhiteFideId "-1"]
[WhiteFideId "-1"]
[PlyCount "69"]
[GameId "2130307595327625"]
[EventDate "2020.07.04"]
[EventType "swiss"]
[EventRounds "9"]
[EventCountry "NET"]
[SourceTitle "The Week in Chess 1340"]
[Source "Mark Crowther"]
[SourceDate "2020.07.13"]
[SourceVersion "1"]
[SourceVersionDate "2020.07.13"]
[SourceQuality "2"]

1. e4 c5 2. Nf3 d6 3. d4 cxd4 4. Nxd4 Nf6 5. Nc3 a6 6. h3 d5 7. e5 Ne4 8. Nxe4 dxe4 9. e6 Bxe6 10. Nxe6 Qxd1+ 11. Kxd1 fxe6 12. Bc4 Nc6 13. c3 O-O-O+ 14. Kc2 g6 15. Bxe6+ Kb8 16. Bf4+ Ka7 17. Rae1 Bg7 18. Rxe4 Rhf8 19. Rd1 Rxd1 20. Kxd1 Rd8+ 21. Ke2 h6 22. h4 Rf8 23. g3 Nd8 24. Bb3 Nc6 25. Bd5 Nd8 26. Rxe7 Bf6 27. Rd7 g5 28. Be3+ Ka8 29. h5 Rh8 30. Rd6 Be5 31. Rxa6+ Kb8 32. Rg6 Ka8 33. a4 Bc7 34. a5 Kb8 35. b4 1-0

[Event "PNWCC Online Masters WOO"]
[Site "Chess.com INT"]
[Date "2020.07.05"]
[Round "5.41"]
[White "Preotu, Razvan"]
[Black "Yang, Alexander Zirui"]
[Result "1-0"]
[WhiteElo "2487"]
[BlackElo "1630"]
[WhiteFideId "-1"]
[WhiteFideId "-1"]
[PlyCount "79"]
[GameId "1534983387799552"]
[EventDate "2020.07.04"]
[EventType "swiss (rapid)"]
[EventRounds "9"]
[EventCountry "USA"]
[SourceTitle "CBM 197 Extra"]
[Source "ChessBase"]
[SourceDate "2020.09.30"]
[SourceVersion "1"]
[SourceVersionDate "2020.09.30"]
[SourceQuality "1"]

1. e4 c5 2. Nf3 d6 3. d4 cxd4 4. Nxd4 Nf6 5. Nc3 a6 6. Be3 e6 7. f3 b5 8. Qd2 Nbd7 9. g4 Nb6 10. a4 Nc4 11. Bxc4 bxc4 12. g5 Nd7 13. f4 Bb7 14. f5 e5 15. Nde2 Qc7 16. Nd5 Bxd5 17. Qxd5 Rb8 18. O-O-O Qb7 19. Nc3 Be7 20. Qxb7 Rxb7 21. Rhg1 Rb4 22. Kb1 Kd8 23. Ka2 Nb6 24. Bc5 a5 25. f6 gxf6 26. gxf6 Bf8 27. Bxb4 axb4 28. a5 bxc3 29. axb6 cxb2 30. Kxb2 Kd7 31. Kc3 Bh6 32. b7 Kc6 33. Rb1 Rb8 34. Kxc4 Rxb7 35. Rxb7 Kxb7 36. Kd5 Kc7 37. Rg7 Bf4 38. Rxf7+ Kc8 39. Kc6 Kd8 40. Rf8# 1-0

[Event "Titled Tuesday 2020.06.16"]
[Site "chess.com INT"]
[Date "2020.06.16"]
[Round "1"]
[White "Preotu, Razvan"]
[Black "Swicarz, Maciej"]
[Result "1-0"]
[WhiteElo "2487"]
[BlackElo "2325"]
[WhiteFideId "-1"]
[WhiteFideId "-1"]
[PlyCount "49"]
[GameId "2130307595912187"]
[EventDate "2020.06.16"]
[EventType "swiss"]
[EventRounds "10"]
[EventCountry "NET"]
[SourceTitle "10 Days #619"]
[Source "ChessMix"]
[SourceDate "2020.07.01"]
[SourceVersion "1"]
[SourceVersionDate "2020.07.01"]
[SourceQuality "1"]

1. e4 d5 2. exd5 Qxd5 3. Nc3 Qd6 4. Nf3 Nf6 5. d4 c6 6. Ne5 Nbd7 7. Nc4 Qc7 8. Qf3 Nb6 9. Bf4 Qd7 10. Nxb6 axb6 11. O-O-O Qg4 12. Qxg4 Bxg4 13. f3 Bf5 14. g4 Bg6 15. h4 h5 16. g5 Nd7 17. d5 Nc5 18. dxc6 bxc6 19. Nb5 Na6 20. Nd4 Nb4 21. a3 Nd5 22. Nxc6 Nxf4 23. Bb5 e5 24. Nxe5+ Ke7 25. Rhe1 1-0

[Event "Titled Tuesday 2020.06.16"]
[Site "chess.com INT"]
[Date "2020.06.16"]
[Round "2"]
[White "Sarkar, Justin"]
[Black "Preotu, Razvan"]
[Result "0-1"]
[WhiteElo "2380"]
[BlackElo "2487"]
[WhiteFideId "-1"]
[WhiteFideId "-1"]
[PlyCount "40"]
[GameId "2130307595924745"]
[EventDate "2020.06.16"]
[EventType "swiss"]
[EventRounds "10"]
[EventCountry "NET"]
[SourceTitle "10 Days #619"]
[Source "ChessMix"]
[SourceDate "2020.07.01"]
[SourceVersion "1"]
[SourceVersionDate "2020.07.01"]
[SourceQuality "1"]

1. d4 Nf6 2. c4 g6 3. Nc3 d5 4. cxd5 Nxd5 5. e4 Nxc3 6. bxc3 Bg7 7. Nf3 c5 8. h3 Nc6 9. Be3 O-O 10. Be2 cxd4 11. cxd4 f5 12. Bc4+ Kh8 13. O-O fxe4 14. Ng5 Nxd4 15. Nf7+ Rxf7 16. Bxf7 e5 17. Rc1 Qd6 18. Bb3 Bd7 19. Qd2 Bc6 20. Rfd1 a5 0-1

[Event "Titled Tuesday 2020.06.16"]
[Site "chess.com INT"]
[Date "2020.06.16"]
[Round "3"]
[White "Vazquez, Guillermo"]
[Black "Preotu, Razvan"]
[Result "1-0"]
[WhiteElo "2527"]
[BlackElo "2487"]
[WhiteFideId "-1"]
[WhiteFideId "-1"]
[PlyCount "85"]
[GameId "2130307595937337"]
[EventDate "2020.06.16"]
[EventType "swiss"]
[EventRounds "10"]
[EventCountry "NET"]
[SourceTitle "10 Days #619"]
[Source "ChessMix"]
[SourceDate "2020.07.01"]
[SourceVersion "1"]
[SourceVersionDate "2020.07.01"]
[SourceQuality "1"]

1. Nf3 Nf6 2. c4 g6 3. g3 Bg7 4. Bg2 d5 5. cxd5 Nxd5 6. O-O O-O 7. d4 Nb6 8. Nc3 Nc6 9. e3 Re8 10. Nh4 e5 11. d5 Nb4 12. a3 Na6 13. Qc2 f5 14. e4 f4 15. b4 Rf8 16. Bb2 Bf6 17. Nf3 g5 18. h3 h5 19. gxf4 gxf4 20. Kh1 Nc4 21. Nd1 Nxb2 22. Nxb2 Qe7 23. Rg1 Kh8 24. Nd3 Re8 25. Rac1 Qh7 26. Qe2 Bd7 27. Nde1 Rac8 28. b5 Nb8 29. a4 Re7 30. Nd3 b6 31. Rc4 Bg4 32. Qb2 Nd7 33. Rgc1 Nc5 34. Nxc5 bxc5 35. Rxc5 Rg8 36. Qe2 Reg7 37. Rg1 Bc8 38. Rc6 Bd7 39. Rxf6 h4 40. Nxe5 Bxh3 41. Bxh3 Rxg1+ 42. Kh2 R1g7 43. Qf3 1-0

[Event "Titled Tuesday 2020.06.16"]
[Site "chess.com INT"]
[Date "2020.06.16"]
[Round "4"]
[White "Preotu, Razvan"]
[Black "Sanikidze, Tornike"]
[Result "1-0"]
[WhiteElo "2487"]
[BlackElo "2458"]
[WhiteFideId "-1"]
[WhiteFideId "-1"]
[PlyCount "69"]
[GameId "2130307595945723"]
[EventDate "2020.06.16"]
[EventType "swiss"]
[EventRounds "10"]
[EventCountry "NET"]
[SourceTitle "10 Days #619"]
[Source "ChessMix"]
[SourceDate "2020.07.01"]
[SourceVersion "1"]
[SourceVersionDate "2020.07.01"]
[SourceQuality "1"]

1. e4 e5 2. Nf3 Nc6 3. Bb5 a6 4. Ba4 Nge7 5. c3 g6 6. d4 exd4 7. cxd4 b5 8. Bb3 Bg7 9. Nc3 O-O 10. h4 d6 11. h5 Bg4 12. hxg6 hxg6 13. Be3 Na5 14. Qd2 Nxb3 15. axb3 Bxf3 16. gxf3 Re8 17. Bh6 Nf5 18. Bxg7 Kxg7 19. O-O-O Nh4 20. Qf4 Rh8 21. Nd5 c6 22. Ne3 Qf6 23. Qg4 Rh5 24. e5 dxe5 25. dxe5 Qxf3 26. Rxh4 Qxg4 27. Rxg4 Rxe5 28. Rd7 Kf8 29. Rh4 Kg8 30. Rf4 f5 31. Rh4 Rae8 32. Rhh7 f4 33. Ng4 Re1+ 34. Kd2 R8e2+ 35. Kd3 1-0

[Event "Titled Tuesday 2020.06.16"]
[Site "chess.com INT"]
[Date "2020.06.16"]
[Round "5"]
[White "Tang, Andrew"]
[Black "Preotu, Razvan"]
[Result "1-0"]
[WhiteElo "2538"]
[BlackElo "2487"]
[WhiteFideId "-1"]
[WhiteFideId "-1"]
[PlyCount "57"]
[GameId "2130307595958304"]
[EventDate "2020.06.16"]
[EventType "swiss"]
[EventRounds "10"]
[EventCountry "NET"]
[SourceTitle "10 Days #619"]
[Source "ChessMix"]
[SourceDate "2020.07.01"]
[SourceVersion "1"]
[SourceVersionDate "2020.07.01"]
[SourceQuality "1"]

1. d4 Nf6 2. c4 g6 3. f3 Nc6 4. d5 Ne5 5. e4 d6 6. Nc3 Bg7 7. Be2 O-O 8. f4 Ned7 9. Be3 Re8 10. Nh3 Nb6 11. Nf2 e6 12. O-O exd5 13. cxd5 c6 14. dxc6 bxc6 15. a4 Nbd5 16. exd5 Rxe3 17. dxc6 Qb6 18. Bf3 Ba6 19. Re1 Rxe1+ 20. Qxe1 Qxb2 21. Rb1 Qc2 22. Nb5 Re8 23. Qd1 Qc5 24. Rc1 Qb6 25. Qxd6 Ne4 26. Bxe4 Rxe4 27. c7 Bf8 28. Qxb6 axb6 29. Nxe4 1-0

[Event "Titled Tuesday 2020.06.16"]
[Site "chess.com INT"]
[Date "2020.06.16"]
[Round "6"]
[White "Wiewiora, Eneasz"]
[Black "Preotu, Razvan"]
[Result "1/2-1/2"]
[WhiteElo "2346"]
[BlackElo "2487"]
[WhiteFideId "-1"]
[WhiteFideId "-1"]
[PlyCount "152"]
[GameId "2130307595970867"]
[EventDate "2020.06.16"]
[EventType "swiss"]
[EventRounds "10"]
[EventCountry "NET"]
[SourceTitle "10 Days #619"]
[Source "ChessMix"]
[SourceDate "2020.07.01"]
[SourceVersion "1"]
[SourceVersionDate "2020.07.01"]
[SourceQuality "1"]

1. e4 c5 2. c3 Nf6 3. e5 Nd5 4. d4 cxd4 5. cxd4 d6 6. Bc4 Nb6 7. Bb5+ Bd7 8. e6 Bxb5 9. Qh5 Qc8 10. Qxb5+ Qc6 11. exf7+ Kxf7 12. Qf5+ Ke8 13. Qg5 Qd5 14. Qg4 N8d7 15. Nc3 Qf7 16. Qe4 d5 17. Qe2 Qg6 18. g3 e6 19. Nf3 Be7 20. O-O Rf8 21. Re1 Qf5 22. Kg2 Rc8 23. a4 Nc4 24. a5 g5 25. a6 g4 26. Nh4 Bxh4 27. axb7 Rb8 28. gxh4 Qf3+ 29. Qxf3 gxf3+ 30. Kh3 Kf7 31. Rxa7 Nd6 32. Bf4 Rxb7 33. Bxd6 Rxa7 34. Bxf8 Nxf8 35. Re3 Rb7 36. Rxf3+ Ke7 37. b3 Nd7 38. Na4 Rb4 39. Rd3 Kd6 40. h5 h6 41. Kg3 Nf6 42. f3 Nxh5+ 43. Kg4 Nf6+ 44. Kg3 e5 45. dxe5+ Kxe5 46. Nc5 h5 47. h4 Kd6 48. Na4 d4 49. Nb2 Kc5 50. Nc4 Nd5 51. Ne5 Ne7 52. Kf4 Kd5 53. Nf7 Rb8 54. Kg5 Rf8 55. Kf6 Nc6 56. Kg7 Rxf7+ 57. Kxf7 Ne5+ 58. Kf6 Nxd3 59. Kf5 Nf2 60. Kf4 d3 61. Ke3 Kc5 62. Kxf2 Kb4 63. Ke1 Kxb3 64. Kd2 Kc4 65. f4 Kd4 66. f5 Ke5 67. f6 Kxf6 68. Kxd3 Kf5 69. Ke2 Kg4 70. Kf2 Kxh4 71. Kg1 Kh3 72. Kh1 h4 73. Kg1 Kg3 74. Kh1 h3 75. Kg1 h2+ 76. Kh1 Kh3 1/2-1/2

[Event "Titled Tuesday 2020.06.16"]
[Site "chess.com INT"]
[Date "2020.06.16"]
[Round "7"]
[White "Preotu, Razvan"]
[Black "Sargsyan, Anna M"]
[Result "1-0"]
[WhiteElo "2487"]
[BlackElo "2405"]
[WhiteFideId "-1"]
[WhiteFideId "-1"]
[PlyCount "149"]
[GameId "2130307595975113"]
[EventDate "2020.06.16"]
[EventType "swiss"]
[EventRounds "10"]
[EventCountry "NET"]
[SourceTitle "10 Days #619"]
[Source "ChessMix"]
[SourceDate "2020.07.01"]
[SourceVersion "1"]
[SourceVersionDate "2020.07.01"]
[SourceQuality "1"]

1. e4 c6 2. Nc3 d5 3. Nf3 Bg4 4. h3 Bxf3 5. Qxf3 Nf6 6. Be2 e6 7. O-O Nbd7 8. d4 dxe4 9. Nxe4 Nxe4 10. Qxe4 Be7 11. Bd3 Nf6 12. Qh4 h6 13. c3 O-O 14. Qg3 Nh5 15. Qf3 Nf6 16. Bf4 c5 17. dxc5 Bxc5 18. Rad1 Qe7 19. b4 e5 20. Rfe1 Bd6 21. Qe2 Rfe8 22. Bg3 a6 23. a3 Rad8 24. c4 Bb8 25. Bb1 e4 26. Bxb8 Rxb8 27. Rd4 Qe5 28. Red1 Rbc8 29. c5 a5 30. Ba2 axb4 31. axb4 Qg5 32. Qe3 Qg6 33. Rd6 Ra8 34. Bc4 Re5 35. Rd8+ Rxd8 36. Rxd8+ Kh7 37. b5 Qf5 38. c6 bxc6 39. bxc6 Rc5 40. Bxf7 Rxc6 41. Bb3 Qe5 42. g3 Rc3 43. Qb6 e3 44. f4 Rc1+ 45. Bd1 Qh5 46. Qd6 Qxh3 47. Qd3+ g6 48. Qxe3 Rc7 49. Rd2 Qf5 50. Qd3 Qc5+ 51. Kg2 Qc6+ 52. Qf3 Ne4 53. Re2 Re7 54. Bc2 Qc4 55. Bxe4 Kg7 56. Bd3 Rxe2+ 57. Qxe2 Qd5+ 58. Qe4 Qf7 59. Qe5+ Kh7 60. f5 gxf5 61. Qxf5+ Kg8 62. Qxf7+ Kxf7 63. Kh3 Kf6 64. Kh4 Kg7 65. Kh5 Kh8 66. Kxh6 Kg8 67. g4 Kh8 68. g5 Kg8 69. Kg6 Kh8 70. Kf6 Kg8 71. g6 Kh8 72. g7+ Kg8 73. Bc4+ Kh7 74. g8=Q+ Kh6 75. Qh8# 1-0

[Event "Titled Tuesday 2020.06.16"]
[Site "chess.com INT"]
[Date "2020.06.16"]
[Round "8"]
[White "Preotu, Razvan"]
[Black "Diaz Perez, Michel Alejandro"]
[Result "0-1"]
[WhiteElo "2487"]
[BlackElo "2459"]
[WhiteFideId "-1"]
[WhiteFideId "-1"]
[PlyCount "93"]
[GameId "2130307595987636"]
[EventDate "2020.06.16"]
[EventType "swiss"]
[EventRounds "10"]
[EventCountry "NET"]
[SourceTitle "10 Days #619"]
[Source "ChessMix"]
[SourceDate "2020.07.01"]
[SourceVersion "1"]
[SourceVersionDate "2020.07.01"]
[SourceQuality "1"]

1. e4 e5 2. Nf3 Nc6 3. Bb5 a6 4. Ba4 Nf6 5. O-O Be7 6. Re1 b5 7. Bb3 d6 8. c3 O-O 9. h3 Bb7 10. d4 Re8 11. a3 Bf8 12. Nbd2 g6 13. Ng5 Re7 14. f4 exf4 15. Ndf3 h6 16. Nxf7 Rxf7 17. e5 dxe5 18. dxe5 Qxd1 19. Rxd1 Ne4 20. Rd7 Ne7 21. Bxf4 Nc5 22. Bxf7+ Kxf7 23. Rxc7 Bxf3 24. Rxc5 Nc6 25. Be3 Bxc5 26. Bxc5 Bd5 27. Rf1+ Ke6 28. Bd6 Nxe5 29. Bc7 Nc4 30. Rf2 Rc8 31. Bf4 g5 32. Bc1 Re8 33. Kf1 Re7 34. g3 Rf7 35. h4 Rxf2+ 36. Kxf2 gxh4 37. gxh4 h5 38. Kg3 Kf5 39. Kf2 Be4 40. b3 Ne5 41. Ke3 Ng6 42. Kd4 Nxh4 43. c4 bxc4 44. Kxc4 Nf3 45. Be3 h4 46. Bf2 h3 47. Bg3 0-1

[Event "Titled Tuesday 2020.06.16"]
[Site "chess.com INT"]
[Date "2020.06.16"]
[Round "9"]
[White "Seul, Georg"]
[Black "Preotu, Razvan"]
[Result "1/2-1/2"]
[WhiteElo "2372"]
[BlackElo "2487"]
[WhiteFideId "-1"]
[WhiteFideId "-1"]
[PlyCount "100"]
[GameId "2130307595996038"]
[EventDate "2020.06.16"]
[EventType "swiss"]
[EventRounds "10"]
[EventCountry "NET"]
[SourceTitle "10 Days #619"]
[Source "ChessMix"]
[SourceDate "2020.07.01"]
[SourceVersion "1"]
[SourceVersionDate "2020.07.01"]
[SourceQuality "1"]

1. e4 c5 2. d3 Nc6 3. f4 g6 4. Nf3 Bg7 5. Be2 e6 6. O-O Nge7 7. c3 d5 8. Na3 O-O 9. e5 d4 10. Nc4 Nd5 11. Bd2 f6 12. exf6 Bxf6 13. Qc2 Bd7 14. a4 Qc7 15. Ng5 b6 16. Ne4 Bg7 17. Rae1 Nxf4 18. Bf3 Nd5 19. g3 Rf5 20. Bg2 Raf8 21. Qc1 Ne5 22. Nxe5 Bxe5 23. Bh6 R8f7 24. Ng5 Rxf1+ 25. Rxf1 Rxf1+ 26. Qxf1 Nf6 27. Qf3 Qd8 28. c4 Qe7 29. a5 bxa5 30. Qa8+ Be8 31. Bh3 Nd7 32. Bxe6+ Kh8 33. Bf7 Bg7 34. Qxe8+ Qxe8 35. Bxe8 Bxh6 36. Nf7+ Kg7 37. Bxd7 Kxf7 38. b3 Kf6 39. Kg2 Ke5 40. Kf3 Be3 41. Bb5 h5 42. Bc6 g5 43. Be8 h4 44. gxh4 gxh4 45. h3 Bf4 46. Ba4 Kd6 47. Bb5 Bg3 48. Ba4 a6 49. Be8 Ke5 50. Ba4 Kd6 1/2-1/2

[Event "Titled Tuesday 2020.06.16"]
[Site "chess.com INT"]
[Date "2020.06.16"]
[Round "10"]
[White "Preotu, Razvan"]
[Black "Ezat, Mohamed"]
[Result "1-0"]
[WhiteElo "2487"]
[BlackElo "2401"]
[WhiteFideId "-1"]
[WhiteFideId "-1"]
[PlyCount "67"]
[GameId "2130307596004416"]
[EventDate "2020.06.16"]
[EventType "swiss"]
[EventRounds "10"]
[EventCountry "NET"]
[SourceTitle "10 Days #619"]
[Source "ChessMix"]
[SourceDate "2020.07.01"]
[SourceVersion "1"]
[SourceVersionDate "2020.07.01"]
[SourceQuality "1"]

1. e4 c6 2. Nc3 d5 3. Nf3 Bg4 4. h3 Bxf3 5. Qxf3 e6 6. Be2 Nd7 7. O-O g6 8. Rd1 Bg7 9. d4 Ne7 10. Bf4 O-O 11. a4 a5 12. h4 f5 13. exd5 exd5 14. h5 Nf6 15. h6 Bh8 16. Qh3 Rf7 17. Bf1 Ne4 18. Ne2 g5 19. Bc1 Ng6 20. f3 Nd6 21. Ng3 f4 22. Nh1 Nf5 23. c3 Ne3 24. Bxe3 fxe3 25. g3 Rxf3 26. Qe6+ Rf7 27. Bh3 Qf8 28. Qxe3 Qxh6 29. Be6 Raf8 30. Rf1 Bg7 31. Rxf7 Rxf7 32. Rf1 Ne5 33. Bxf7+ Nxf7 34. Qe8+ 1-0

[Event "Titled Tuesday 2020.05.26"]
[Site "Chess.com INT"]
[Date "2020.05.26"]
[Round "3"]
[White "Preotu, Razvan"]
[Black "Vachier Lagrave, Maxime"]
[Result "0-1"]
[WhiteElo "2487"]
[BlackElo "2778"]
[WhiteFideId "-1"]
[WhiteFideId "-1"]
[PlyCount "112"]
[GameId "1522301886128128"]
[EventDate "2020.05.26"]
[EventType "swiss (blitz)"]
[EventRounds "10"]
[EventCountry "NET"]
[SourceTitle "CBM 196 Extra"]
[Source "ChessBase"]
[SourceDate "2020.07.31"]
[SourceVersion "1"]
[SourceVersionDate "2020.07.31"]
[SourceQuality "1"]

1. e4 c6 2. Nc3 d5 3. Nf3 Bg4 4. h3 Bh5 5. exd5 cxd5 6. Bb5+ Nc6 7. g4 Bg6 8. Ne5 Rc8 9. d4 e6 10. Be3 Bd6 11. f4 Nge7 12. h4 h5 13. Nxg6 Nxg6 14. gxh5 Nxf4 15. Bxf4 Bxf4 16. Qg4 Bh6 17. O-O O-O 18. Bxc6 bxc6 19. Na4 Rb8 20. b3 Qd6 21. Kg2 e5 22. dxe5 Qxe5 23. Rae1 Qd6 24. Qg3 Qd8 25. Nc5 Rb4 26. Nd3 Rxh4 27. Ne5 Rxh5 28. Nf3 Qc8 29. Rh1 Qf5 30. Rxh5 Qxh5 31. Re7 Qf5 32. Rxa7 Qxc2+ 33. Qf2 Qxf2+ 34. Kxf2 Re8 35. Rc7 Be3+ 36. Kg2 Bf4 37. Rxc6 Re2+ 38. Kh3 Rxa2 39. Kg4 Be3 40. Rd6 d4 41. Kf5 Ra5+ 42. Ke4 Rb5 43. Rd8+ Kh7 44. Ne5 f6 45. Nd3 f5+ 46. Kf3 Rxb3 47. Nc5 Rc3 48. Rd5 Kg6 49. Ke2 Rc2+ 50. Kf3 Rf2+ 51. Kg3 f4+ 52. Kg4 Rg2+ 53. Kf3 Rg3+ 54. Ke4 f3 55. Nd3 f2 56. Rd6+ Kh7 0-1

[Event "PNWCC Online Blitz JP II"]
[Site "chess.com INT"]
[Date "2020.03.21"]
[Round "1"]
[White "Preotu, Razvan"]
[Black "Lin, Leo"]
[Result "1-0"]
[WhiteElo "2487"]
[BlackElo "1650"]
[WhiteFideId "-1"]
[WhiteFideId "-1"]
[PlyCount "107"]
[GameId "2130307597554595"]
[EventDate "2020.03.21"]
[EventType "swiss (blitz)"]
[EventRounds "11"]
[EventCountry "USA"]
[SourceTitle "The Week in Chess 1324"]
[Source "Mark Crowther"]
[SourceDate "2020.03.23"]
[SourceVersion "1"]
[SourceVersionDate "2020.03.23"]
[SourceQuality "2"]

1. e3 c5 2. d4 d5 3. Nf3 Nf6 4. b3 cxd4 5. exd4 Nc6 6. Bd3 Bg4 7. Bb2 e6 8. a3 Bd6 9. Nbd2 Qc7 10. h3 Bh5 11. O-O O-O 12. c4 b6 13. Rc1 Bg6 14. Bxg6 hxg6 15. c5 bxc5 16. dxc5 Be5 17. Nxe5 Nxe5 18. Qe2 Nc6 19. b4 a6 20. Rfe1 Rfe8 21. Be5 Nxe5 22. Qxe5 Qxe5 23. Rxe5 Rec8 24. Re3 Rab8 25. Nb3 Rb7 26. Rec3 Ne4 27. R3c2 Rbc7 28. f3 Ng3 29. Kf2 Nf5 30. g4 Ne7 31. Na5 Nc6 32. Nxc6 Rxc6 33. a4 Rb8 34. Rb1 Kf8 35. b5 axb5 36. axb5 Rcc8 37. Ke3 Ke7 38. Kd4 Ra8 39. b6 Ra4+ 40. Kd3 Kd8 41. c6 Ra3+ 42. Ke2 d4 43. c7+ Kd7 44. Kd2 d3 45. Rc4 Ra2+ 46. Kxd3 Ra3+ 47. Ke2 Ra2+ 48. Kf1 Ra3 49. b7 Rxf3+ 50. Kg2 Rxc7 51. Rxc7+ Kxc7 52. b8=Q+ Kd7 53. Rd1+ Ke7 54. Qd8# 1-0

[Event "PNWCC Online Blitz JP II"]
[Site "chess.com INT"]
[Date "2020.03.21"]
[Round "3"]
[White "Preotu, Razvan"]
[Black "Tayar, Jonathan"]
[Result "1-0"]
[WhiteElo "2487"]
[BlackElo "2344"]
[WhiteFideId "-1"]
[WhiteFideId "-1"]
[PlyCount "57"]
[GameId "2130307597554674"]
[EventDate "2020.03.21"]
[EventType "swiss (blitz)"]
[EventRounds "11"]
[EventCountry "USA"]
[SourceTitle "The Week in Chess 1324"]
[Source "Mark Crowther"]
[SourceDate "2020.03.23"]
[SourceVersion "1"]
[SourceVersionDate "2020.03.23"]
[SourceQuality "2"]

1. e4 c5 2. Nf3 d6 3. Bb5+ Nc6 4. O-O Bd7 5. Re1 Nf6 6. c3 a6 7. Bf1 Bg4 8. d3 e6 9. Nbd2 Be7 10. a4 Qc7 11. Nc4 O-O 12. h3 Bh5 13. Bf4 b5 14. Ncd2 Nd7 15. axb5 axb5 16. Qb3 Rxa1 17. Rxa1 Rb8 18. d4 e5 19. Be3 c4 20. Qa2 Bxf3 21. Nxf3 h6 22. b3 cxb3 23. Qxb3 b4 24. d5 Na5 25. Qa4 Nc4 26. Bxc4 Qxc4 27. Qxd7 Bf6 28. Qxd6 Rd8 29. Qxb4 1-0

[Event "PNWCC Online Blitz JP II"]
[Site "chess.com INT"]
[Date "2020.03.21"]
[Round "4"]
[White "Preotu, Razvan"]
[Black "Bruzon Batista, Lazaro"]
[Result "0-1"]
[WhiteElo "2487"]
[BlackElo "2644"]
[WhiteFideId "-1"]
[WhiteFideId "-1"]
[PlyCount "38"]
[GameId "2130307597554711"]
[EventDate "2020.03.21"]
[EventType "swiss (blitz)"]
[EventRounds "11"]
[EventCountry "USA"]
[SourceTitle "The Week in Chess 1324"]
[Source "Mark Crowther"]
[SourceDate "2020.03.23"]
[SourceVersion "1"]
[SourceVersionDate "2020.03.23"]
[SourceQuality "2"]

1. e4 e5 2. Nf3 Nc6 3. Bc4 Bc5 4. O-O d6 5. c3 Bb6 6. d3 h6 7. a4 a5 8. Nbd2 Nge7 9. Re1 O-O 10. Nf1 Kh8 11. Be3 Bxe3 12. Nxe3 f5 13. exf5 Nxf5 14. Nd5 Nfe7 15. Nh4 g5 16. Qh5 Kg7 17. Nf3 Ng6 18. h3 Nce7 19. Nxe7 Nf4 0-1

[Event "PNWCC Online Blitz JP II"]
[Site "chess.com INT"]
[Date "2020.03.21"]
[Round "7"]
[White "Jovanovic, Zo CRO"]
[Black "Preotu, Razvan"]
[Result "1-0"]
[WhiteElo "2517"]
[BlackElo "2487"]
[WhiteFideId "-1"]
[WhiteFideId "-1"]
[PlyCount "47"]
[GameId "2130307597563025"]
[EventDate "2020.03.21"]
[EventType "swiss (blitz)"]
[EventRounds "11"]
[EventCountry "USA"]
[SourceTitle "The Week in Chess 1324"]
[Source "Mark Crowther"]
[SourceDate "2020.03.23"]
[SourceVersion "1"]
[SourceVersionDate "2020.03.23"]
[SourceQuality "2"]

1. e4 c5 2. Nc3 a6 3. g3 b5 4. Bg2 Bb7 5. Nge2 Nf6 6. O-O e6 7. d3 d5 8. exd5 Nxd5 9. Nxd5 Bxd5 10. Bxd5 Qxd5 11. a4 b4 12. Nf4 Qd7 13. Re1 Be7 14. Nh5 g6 15. Ng7+ Kf8 16. Nxe6+ fxe6 17. Qf3+ Kg7 18. Qxa8 Nc6 19. Bh6+ Kxh6 20. Qxh8 Nd4 21. Re4 Nxc2 22. Rd1 Nd4 23. Rxd4 cxd4 24. Re1 1-0